The pony and the missing dog / (Record no. 1073)

MARC details
000 -LEADER
fixed length control field 01128cam a22003373a 4500
005 - DATE AND TIME OF LATEST TRANSACTION
control field 20230815160759.0
020 ## - INTERNATIONAL STANDARD BOOK NUMBER
International Standard Book Number 0439216397
040 ## - CATALOGING SOURCE
Original cataloging agency IEF
Transcribing agency IEF
Modifying agency OCL
-- DLC
Language of cataloging eng
050 00 - LIBRARY OF CONGRESS CALL NUMBER
Classification number PZ7.B46626
082 ## - DEWEY DECIMAL CLASSIFICATION NUMBER
Classification number Fic
100 1# - MAIN ENTRY--PERSONAL NAME
Personal name Betancourt, Jeanne
245 14 - TITLE STATEMENT
Title The pony and the missing dog /
Statement of responsibility, etc. Jeanne Betancourt ; illustrated by Paul Bachem.
246 3# - VARYING FORM OF TITLE
Title proper/short title Pony & the missing dog
260 ## - PUBLICATION, DISTRIBUTION, ETC.
Place of publication, distribution, etc. New York :
Name of publisher, distributor, etc. Scholastic,
Date of publication, distribution, etc. 2000.
300 ## - PHYSICAL DESCRIPTION
Extent 85 pages :
Other physical details illustrations, 1 map ;
Dimensions 20 cm
490 1# - SERIES STATEMENT
Series statement Pony Pals ;
Volume/sequential designation Book 27
500 ## - GENERAL NOTE
General note "Little Apple paperback."
505 ## - FORMATTED CONTENTS NOTE
Formatted contents note O <br/>
520 ## - SUMMARY, ETC.
Summary, etc. Pam's dog, Woolie, is lost! Together, the Pony Pals try to find him -- but it's Pam's pony, Lightning, that saves the day.<br/>
521 ## - TARGET AUDIENCE NOTE
Target audience note 600 <br/>
Source Lexile <br/>
521 ## - TARGET AUDIENCE NOTE
Target audience note O <br/>
Source Raz-Plus <br/>
650 #0 - SUBJECT ADDED ENTRY--TOPICAL TERM
Topical term or geographic name entry element American fiction
Chronological subdivision 20th century.
650 #0 - SUBJECT ADDED ENTRY--TOPICAL TERM
Topical term or geographic name entry element Ponies
Form subdivision Juvenile fiction.
650 #0 - SUBJECT ADDED ENTRY--TOPICAL TERM
Topical term or geographic name entry element Ponies
Form subdivision Fiction.
655 #7 - INDEX TERM--GENRE/FORM
Genre/form data or focus term Children's stories.
Source of term lcsh
700 1# - ADDED ENTRY--PERSONAL NAME
Personal name Bachem, Paul
906 ## - LOCAL DATA ELEMENT F, LDF (RLIN)
a 7
b cbc
c copycat
d 2
e ncip
f 20
g y-genrareb
942 ## - ADDED ENTRY ELEMENTS (KOHA)
Source of classification or shelving scheme Dewey Decimal Classification
Koha item type Books
Suppress in OPAC No
999 ## -
-- 1073
-- 1073
Holdings
Withdrawn status Lost status Source of classification or shelving scheme Damaged status Not for loan Collection Home library Current library Shelving location Date acquired Total Checkouts Full call number Barcode Date last seen Date last checked out Price effective from Koha item type
    Dewey Decimal Classification     Fiction Footprints International School Library Network Toul Kork Campus Footprints International School Library Network Toul Kork Campus   07/19/2023 1 BET Fic PZ7.B46626 FIS00067 01/30/2024 01/23/2024 07/19/2023 Books